[Event "10.OIBM"]
[Site "Bad Wiessee"]
[Date "2006.11.05"]
[Round "2.10"]
[White "Knitl, Anton"]
[Black "Landa, Konstantin"]
[Result "0-1"]
[WhiteElo "2191"]
[BlackElo "2570"]
[PlyCount "84"]
[EventDate "2006.??.??"]

1. Nf3 c5 2. c4 Nc6 3. Nc3 e5 4. g3 g6 5. Bg2 Bg7 6. O-O d6 7. d3 Nge7 8. Ne1
Be6 9. Nc2 d5 10. cxd5 Nxd5 11. Ne3 Nde7 12. Ne4 b6 13. Qa4 Rc8 14. Bd2 O-O 15.
Ng5 Bd7 16. Rfe1 Nd4 17. Qd1 Bc6 18. Nc2 Bxg2 19. Kxg2 Nec6 20. Nxd4 Nxd4 21.
Nf3 Nxf3 22. exf3 Qxd3 23. Bc3 Qxd1 24. Raxd1 Rcd8 25. Kf1 f6 26. Ke2 Kf7 27.
Rxd8 Rxd8 28. Rd1 Rxd1 29. Kxd1 Ke6 30. Kc2 Kd5 31. Kd3 c4+ 32. Ke2 b5 33. a3
Bf8 34. Kd2 Bc5 35. Ke2 Bd4 36. Ke1 a5 37. Ke2 f5 38. Ke1 Kc5 39. Bxa5 Bxb2 40.
Bb4+ Kd5 41. Kd2 Bd4 42. Ke2 Bc5 0-1

[Event "10.OIBM"]
[Site "Bad Wiessee"]
[Date "2006.11.05"]
[Round "2.11"]
[White "Prusikin, Michael"]
[Black "Hornung, Hans Dr"]
[Result "1-0"]
[WhiteElo "2560"]
[BlackElo "2183"]
[PlyCount "57"]
[EventDate "2006.??.??"]

1. d4 Nf6 2. Nf3 e6 3. c4 d5 4. Nc3 Bb4 5. Qa4+ Nc6 6. e3 O-O 7. Bd2 Bd7 8. Qc2
Re8 9. a3 Bf8 10. h3 g6 11. Rd1 Bg7 12. Be2 a6 13. O-O dxc4 14. Bxc4 b5 15. Ba2
e5 16. d5 Na7 17. e4 c5 18. dxc6 Nxc6 19. Be3 Na5 20. Nd5 Rc8 21. Qe2 Nc4 22.
Bg5 Nxd5 23. Bxd8 Nf4 24. Qe1 Rexd8 25. Bxc4 bxc4 26. Qa5 Ne2+ 27. Kh1 Nd4 28.
Nxe5 Bb5 29. f4 1-0

[Event "10.OIBM"]
[Site "Bad Wiessee"]
[Date "2006.11.05"]
[Round "2.17"]
[White "Bobras, Piotr"]
[Black "Basener, Winfried"]
[Result "1-0"]
[WhiteElo "2527"]
[BlackElo "2175"]
[PlyCount "35"]
[EventDate "2006.??.??"]

1. e4 e5 2. Nf3 Qe7 3. Nc3 c6 4. d4 d6 5. h3 h6 6. a4 a5 7. Be3 g5 8. dxe5 dxe5
9. Nxe5 Bg7 10. Nc4 Bxc3+ 11. bxc3 Nd7 12. h4 gxh4 13. Qd4 Rh7 14. e5 Rg7 15.
Nd6+ Kf8 16. Nf5 Qxe5 17. Qxe5 Nxe5 18. Bc5+ 1-0

[Event "10.OIBM"]
[Site "Bad Wiessee"]
[Date "2006.11.05"]
[Round "2.18"]
[White "Uebele, Peter"]
[Black "Kosic, Dragan"]
[Result "0-1"]
[WhiteElo "2177"]
[BlackElo "2518"]
[PlyCount "56"]
[EventDate "2006.??.??"]

1. e4 e6 2. d4 d5 3. Nd2 c5 4. exd5 Qxd5 5. Ngf3 cxd4 6. Bc4 Qd8 7. Nb3 Bb4+ 8.
Bd2 Bxd2+ 9. Qxd2 Nf6 10. Nbxd4 O-O 11. O-O Qc7 12. Qe2 Nc6 13. Nxc6 Qxc6 14.
Rad1 b6 15. Ne5 Qc7 16. Kh1 Bb7 17. Nxf7 Rxf7 18. Bxe6 Re8 19. Qc4 Rxe6 20.
Qxe6 g6 21. c3 Kg7 22. Rfe1 Qc5 23. f3 Bd5 24. Qe2 Bxa2 25. Rd4 Bb3 26. Qd2 b5
27. f4 Nh5 28. Re5 Qxe5 0-1

[Event "10.OIBM"]
[Site "Bad Wiessee"]
[Date "2006.11.05"]
[Round "2.19"]
[White "Karpatchev, Alexandr"]
[Black "Gkogkas, Dimitrios"]
[Result "1/2-1/2"]
[WhiteElo "2515"]
[BlackElo "2168"]
[PlyCount "54"]
[EventDate "2006.??.??"]

1. e4 c5 2. c3 d5 3. exd5 Qxd5 4. d4 Nf6 5. Nf3 e6 6. Be2 Nc6 7. O-O cxd4 8.
cxd4 Be7 9. Nc3 Qd6 10. Nb5 Qd8 11. Bf4 Nd5 12. Bg3 O-O 13. Rc1 Qb6 14. Qd2 Rd8
15. Rfd1 Bd7 16. Nc3 Rac8 17. Bd3 Ncb4 18. Bb1 Nf6 19. Bh4 Bc6 20. Ne5 Nbd5 21.
Nxd5 Rxd5 22. Qe2 Rxd4 23. Bxf6 Bxf6 24. Bxh7+ Kxh7 25. Qh5+ Kg8 26. Qxf7+ Kh7
27. Qg6+ Kg8 1/2-1/2

[Event "10.OIBM"]
[Site "Bad Wiessee"]
[Date "2006.11.05"]
[Round "2.20"]
[White "Fischer, Gerd"]
[Black "Pavlovic, Milos"]
[Result "0-1"]
[WhiteElo "2174"]
[BlackElo "2507"]
[PlyCount "77"]
[EventDate "2006.??.??"]

1. e4 c5 2. Nf3 Nc6 3. d4 cxd4 4. Nxd4 Nf6 5. Nc3 e5 6. Ndb5 d6 7. Nd5 Nxd5 8.
exd5 Nb8 9. c4 a6 10. Nc3 Be7 11. Bd3 O-O 12. Be3 f5 13. f3 Bh4+ 14. g3 Bg5 15.
Bxg5 Qxg5 16. Qd2 Qd8 17. O-O-O Nd7 18. g4 e4 19. fxe4 fxg4 20. Rdf1 Ne5 21.
Rxf8+ Qxf8 22. Rf1 Qe7 23. Be2 Bd7 24. Kb1 Rc8 25. Qd4 Be8 26. Rf5 h5 27. b3
Bg6 28. Rxe5 dxe5 29. Qb6 Kh7 30. Kb2 Qg5 31. Kc2 Rf8 32. d6 h4 33. d7 g3 34.
hxg3 hxg3 35. Bf3 g2 36. Ne2 Qe7 37. Bxg2 Qxd7 38. Qe3 Qg4 39. Bh1 0-1

[Event "10.OIBM"]
[Site "Bad Wiessee"]
[Date "2006.11.05"]
[Round "2.22"]
[White "Graf, Christian"]
[Black "Al Sayed, Mohd"]
[Result "0-1"]
[WhiteElo "2168"]
[BlackElo "2486"]
[PlyCount "118"]
[EventDate "2006.??.??"]

1. e4 c6 2. d4 d5 3. exd5 cxd5 4. Bd3 Nc6 5. c3 Nf6 6. Bf4 Bg4 7. Qb3 Qd7 8.
Nd2 Na5 9. Qb4 Nc6 10. Qb3 Qe6+ 11. Be3 Qc8 12. Ngf3 e6 13. Bf4 Be7 14. O-O O-O
15. Qc2 Bh5 16. Ne5 Bg6 17. Nxg6 hxg6 18. Nf3 Qd8 19. Rae1 Rc8 20. Qe2 Bd6 21.
Bxd6 Qxd6 22. Ne5 Rfe8 23. f4 Kf8 24. Qf3 Rc7 25. Qh3 Ke7 26. f5 gxf5 27. Bxf5
Kd8 28. Bd3 Qf8 29. Ng4 Nxg4 30. Qxg4 Qg8 31. Qf4 Kc8 32. Rf3 a6 33. Rh3 Kb8
34. Qd6 Rd8 35. Qf4 f6 36. Qf2 e5 37. dxe5 Nxe5 38. Qb6 Qe8 39. Rhe3 Qa4 40. a3
d4 41. cxd4 Rxd4 42. b3 Qd7 43. Bf5 Qd8 44. h3 Rd2 45. Qb4 Rd4 46. Qb6 Rd2 47.
Qb4 Ka7 48. Qf4 Qd5 49. Qe4 Qd6 50. R3e2 Rxe2 51. Qxe2 Qxa3 52. Qe3+ Qc5 53.
Qxc5+ Rxc5 54. Re3 Kb6 55. Kf2 Kb5 56. Be6 Rc2+ 57. Re2 Nd3+ 58. Ke3 Rxe2+ 59.
Kxe2 Nf4+ 0-1

[Event "10.OIBM"]
[Site "Bad Wiessee"]
[Date "2006.11.05"]
[Round "2.23"]
[White "Krivoshey, Sergei"]
[Black "Loskamp, Stefan"]
[Result "1-0"]
[WhiteElo "2484"]
[BlackElo "2164"]
[PlyCount "41"]
[EventDate "2006.??.??"]

1. d4 Nf6 2. Nf3 e6 3. g3 c5 4. Bg2 a6 5. O-O cxd4 6. Nxd4 Qc7 7. e4 Nc6 8. c4
Be7 9. Nc3 O-O 10. b3 Rb8 11. Bb2 d6 12. Rc1 Nxd4 13. Qxd4 b6 14. Rfd1 Bb7 15.
a4 Rfd8 16. Ba3 Rbc8 17. Bb4 Rd7 18. h3 d5 19. Bxe7 e5 20. Qd2 dxe4 21. Nd5 1-0

[Event "10.OIBM"]
[Site "Bad Wiessee"]
[Date "2006.11.05"]
[Round "2.24"]
[White "Wunder, Stefan"]
[Black "Hoffmann, Michael"]
[Result "0-1"]
[WhiteElo "2161"]
[BlackElo "2477"]
[PlyCount "56"]
[EventDate "2006.??.??"]

1. Nf3 Nf6 2. g3 b5 3. Bg2 Bb7 4. O-O e6 5. d3 Be7 6. e4 d6 7. b3 O-O 8. Bb2 c5
9. Nbd2 Nc6 10. Re1 Qc7 11. Nf1 Nd7 12. Qd2 Bf6 13. c3 b4 14. c4 Bxb2 15. Qxb2
Nde5 16. Red1 Nxf3+ 17. Bxf3 Nd4 18. Bg2 f5 19. f4 e5 20. fxe5 fxe4 21. Ne3
Rae8 22. exd6 Qxd6 23. dxe4 Bxe4 24. Kh1 Bxg2+ 25. Nxg2 Qf6 26. Nf4 g5 27. Nd5
Qf3+ 28. Qg2 Re2 0-1

[Event "10.OIBM"]
[Site "Bad Wiessee"]
[Date "2006.11.05"]
[Round "2.25"]
[White "Dimakiling, Oliver"]
[Black "Jaenig, Reinhard"]
[Result "1-0"]
[WhiteElo "2476"]
[BlackElo "2160"]
[PlyCount "57"]
[EventDate "2006.??.??"]

1. d4 d5 2. Nf3 c6 3. e3 Bf5 4. Be2 e6 5. O-O Nd7 6. c4 Bd6 7. Nc3 h6 8. c5 Bc7
9. b4 a6 10. Bb2 Ngf6 11. a4 O-O 12. b5 axb5 13. axb5 Rxa1 14. Qxa1 e5 15. Qa4
exd4 16. exd4 Ne4 17. bxc6 bxc6 18. Qxc6 Re8 19. Nxd5 Bb8 20. Ne3 Bg6 21. Bb5
Ndf6 22. d5 Bh5 23. d6 Re6 24. Bc4 Bxf3 25. gxf3 Nd2 26. Bxe6 Nxf1 27. Bxf7+
Kxf7 28. Kxf1 Nh5 29. Qd5+ 1-0

[Event "10.OIBM"]
[Site "Bad Wiessee"]
[Date "2006.11.05"]
[Round "2.27"]
[White "Zysk, Robert"]
[Black "Feldbacher, Harald"]
[Result "1-0"]
[WhiteElo "2468"]
[BlackElo "2154"]
[PlyCount "53"]
[EventDate "2006.??.??"]

1. Nf3 f5 2. d3 g6 3. e4 d6 4. exf5 Bxf5 5. d4 Nf6 6. Bd3 Bg4 7. Nbd2 Bh6 8. h3
Bxd2+ 9. Bxd2 Bxf3 10. Qxf3 Nc6 11. Bb5 d5 12. Bxc6+ bxc6 13. Bh6 Qd6 14. O-O
Ne4 15. Rfe1 O-O-O 16. Qg4+ Qd7 17. Qe2 Kb7 18. Rad1 Ka8 19. Rd3 Rb8 20. Bc1
Rhe8 21. Ra3 Rb6 22. Re3 h5 23. Qd3 g5 24. f3 Ng3 25. Re5 g4 26. hxg4 h4 27.
Qh7 1-0

[Event "10.OIBM"]
[Site "Bad Wiessee"]
[Date "2006.11.05"]
[Round "2.28"]
[White "Seifert, Dierk Dr"]
[Black "Meins, Gerlef"]
[Result "0-1"]
[WhiteElo "2155"]
[BlackElo "2464"]
[PlyCount "78"]
[EventDate "2006.??.??"]

1. c4 b6 2. d4 Bb7 3. Nc3 e6 4. a3 Nf6 5. d5 exd5 6. cxd5 Bd6 7. e4 O-O 8. Bd3
Re8 9. Nge2 Na6 10. b4 c5 11. b5 Nc7 12. Bb2 a6 13. a4 axb5 14. axb5 Rxa1 15.
Qxa1 c4 16. Bc2 Ncxd5 17. exd5 Nxd5 18. O-O Nxc3 19. Nxc3 Qh4 20. g3 Qh3 21.
Be4 Rxe4 22. Nxe4 Bxe4 23. f3 Bxg3 24. hxg3 Qxg3+ 25. Kh1 Qh3+ 26. Kg1 Qg3+ 27.
Kh1 Bxf3+ 28. Rxf3 Qxf3+ 29. Kg1 f6 30. Qe1 Kf7 31. Qb4 Qb3 32. Ba3 Qxb4 33.
Bxb4 Ke6 34. Kf2 Kd5 35. Ke3 h5 36. Bf8 g6 37. Be7 h4 38. Bxf6 h3 39. Kf3 Kc5
0-1

[Event "10.OIBM"]
[Site "Bad Wiessee"]
[Date "2006.11.05"]
[Round "2.29"]
[White "van der Weide, Karel"]
[Black "Freundorfer, Josef"]
[Result "1-0"]
[WhiteElo "2463"]
[BlackElo "2153"]
[PlyCount "101"]
[EventDate "2006.??.??"]

1. e4 e5 2. Nf3 Nc6 3. d4 exd4 4. Nxd4 Bc5 5. Be3 Bb6 6. Nf5 g6 7. Bxb6 axb6 8.
Ne3 d6 9. Nc3 Be6 10. Be2 Nh6 11. h4 f5 12. Qd2 Kd7 13. Ned5 Nf7 14. Nf4 Qf6
15. exf5 gxf5 16. Rh3 Rhe8 17. Kf1 Ra5 18. a4 Kc8 19. Bb5 Nfe5 20. Re1 Qh6 21.
Qc1 Bd7 22. Nfd5 Qxc1 23. Rxc1 Nd4 24. Bxd7+ Nxd7 25. Rd3 c5 26. Re3 Rxe3 27.
fxe3 Nc6 28. Ke2 f4 29. Nxf4 Ne7 30. Rd1 c4 31. g4 Nf6 32. Kf3 Ne8 33. Nfd5 Kd7
34. Nxb6+ Ke6 35. Nxc4 Rc5 36. Nd2 d5 37. Nb3 Rc8 38. Nd4+ Ke5 39. Kg3 h6 40.
Nf3+ Ke6 41. Ne2 Nf6 42. Ned4+ Kd6 43. Kh3 Ne4 44. Rf1 Ra8 45. b3 Rg8 46. Ne1
Kd7 47. Nd3 Rc8 48. Rf7 h5 49. g5 Rg8 50. Nf5 Re8 51. Nf4 1-0

[Event "10.OIBM"]
[Site "Bad Wiessee"]
[Date "2006.11.05"]
[Round "2.32"]
[White "Roemhild, Marcus"]
[Black "Skembris, Spyridon"]
[Result "1/2-1/2"]
[WhiteElo "2150"]
[BlackElo "2455"]
[PlyCount "109"]
[EventDate "2006.??.??"]

1. e4 c5 2. Nc3 Nc6 3. f4 g6 4. Nf3 Bg7 5. Bb5 Nd4 6. O-O Nxb5 7. Nxb5 d6 8. d3
Nf6 9. Nc3 O-O 10. Qe1 e6 11. Bd2 Bd7 12. Qh4 Nh5 13. Qf2 f5 14. e5 Bc6 15.
Rae1 Bxf3 16. Qxf3 dxe5 17. fxe5 Qd7 18. a4 a6 19. a5 Rac8 20. b3 Qc7 21. Qe2
Qxa5 22. Ne4 Qc7 23. Nd6 Rcd8 24. Bg5 Rb8 25. g4 fxg4 26. Qxg4 Qd7 27. Qe4 b6
28. c3 a5 29. c4 Bh8 30. Bh6 Bg7 31. Bg5 Ra8 32. Ra1 Ra7 33. Rae1 a4 34. bxa4
Rxa4 35. Rb1 Ra6 36. Ra1 Rxa1 37. Rxa1 h6 38. Be3 g5 39. Ra6 Nf4 40. Bxf4 gxf4
41. Ra8 Rxa8 42. Qxa8+ Bf8 43. Kf2 Qe7 44. Kf3 Qh4 45. Qe8 Qh3+ 46. Kxf4 Qxh2+
47. Kf3 Qh3+ 48. Ke2 Qg4+ 49. Kd2 Qg5+ 50. Kd1 Qe7 51. Qg6+ Bg7 52. Kc2 Kf8 53.
Qe4 Qa7 54. Qg6 Bxe5 55. Qxh6+ 1/2-1/2

[Event "10.OIBM"]
[Site "Bad Wiessee"]
[Date "2006.11.05"]
[Round "2.33"]
[White "Ivanov, Mikhail M"]
[Black "Heimerdinger, Joerg"]
[Result "1-0"]
[WhiteElo "2451"]
[BlackElo "2145"]
[PlyCount "86"]
[EventDate "2006.??.??"]

1. d4 Nf6 2. c4 g6 3. Nc3 Bg7 4. e4 d6 5. Bg5 h6 6. Bh4 O-O 7. f3 Nbd7 8. Nge2
e5 9. d5 a5 10. g4 Nc5 11. Bf2 Ne8 12. Ng3 f5 13. gxf5 gxf5 14. Rg1 Kh8 15. Be2
fxe4 16. Ncxe4 Nxe4 17. fxe4 Qf6 18. Be3 Qh4 19. Qd3 Nf6 20. Bf2 Qf4 21. Be3
Qh4 22. O-O-O Ng4 23. Bxg4 Bxg4 24. Rdf1 Bh3 25. Nf5 Bxf1 26. Rxf1 Qf6 27. Qe2
Kh7 28. Kb1 Rf7 29. a3 Rg8 30. Rf2 Qg6 31. Rg2 Qf6 32. Qh5 Bf8 33. Rxg8 Kxg8
34. Bxh6 Rh7 35. Qg4+ Kh8 36. Bg5 Qg6 37. h4 Kg8 38. Ng3 Rg7 39. Qc8 b6 40. Nf5
Rf7 41. Nh6+ Kg7 42. Nxf7 Qxf7 43. Qf5 Qh5 1-0

[Event "10.OIBM"]
[Site "Bad Wiessee"]
[Date "2006.11.05"]
[Round "2.36"]
[White "Kneutgen, Alexander"]
[Black "Wippermann, Till"]
[Result "0-1"]
[WhiteElo "2145"]
[BlackElo "2427"]
[PlyCount "74"]
[EventDate "2006.??.??"]

1. e4 c5 2. Nc3 g6 3. g3 Bg7 4. Bg2 Nc6 5. d3 Rb8 6. f4 b5 7. a3 d6 8. Nf3 a5
9. O-O b4 10. axb4 axb4 11. Nd5 e6 12. Ne3 Nge7 13. f5 exf5 14. exf5 Nxf5 15.
Nxf5 Bxf5 16. Ng5 Ne5 17. Bd5 Qd7 18. Ra6 O-O 19. Ne4 Bg4 20. Qe1 Nf3+ 21. Rxf3
Bxf3 22. Qf2 Bxe4 23. dxe4 Bd4 24. Be3 Bxb2 25. Kg2 Be5 26. Bh6 Rfc8 27. Bf4
Rc7 28. h4 Bxf4 29. Qxf4 Rd8 30. h5 Qe7 31. hxg6 hxg6 32. Ra1 Qe5 33. Qc1 Kg7
34. Rb1 Rh8 35. Qd2 Qh5 36. Qf4 Qe2+ 37. Kg1 Qh2+ 0-1

[Event "10.OIBM"]
[Site "Bad Wiessee"]
[Date "2006.11.05"]
[Round "2.37"]
[White "Pirrot, Dieter"]
[Black "Weisenburger, Horst"]
[Result "1-0"]
[WhiteElo "2422"]
[BlackElo "2141"]
[PlyCount "51"]
[EventDate "2006.??.??"]

1. e4 e5 2. Nf3 Nc6 3. Bc4 Nf6 4. Ng5 d5 5. exd5 b5 6. Bf1 Nd4 7. c3 Nxd5 8.
Ne4 Ne6 9. Bxb5+ Bd7 10. Bxd7+ Qxd7 11. d4 exd4 12. cxd4 Bb4+ 13. Nbc3 Qb5 14.
Bd2 Qd3 15. Qa4+ Kf8 16. O-O-O Bxc3 17. Nxc3 Nb6 18. Qa3+ Kg8 19. Be3 Qf5 20.
d5 Nf4 21. d6 c5 22. Qxc5 Nd3+ 23. Rxd3 Qxd3 24. Qc7 Rc8 25. Bxb6 Rxc7 26. dxc7
1-0

[Event "10.OIBM"]
[Site "Bad Wiessee"]
[Date "2006.11.05"]
[Round "2.38"]
[White "Schumacher, Ralf Dr"]
[Black "Gonzales, Jayson"]
[Result "0-1"]
[WhiteElo "2143"]
[BlackElo "2418"]
[PlyCount "54"]
[EventDate "2006.??.??"]

1. Nf3 d6 2. g3 e5 3. d3 f5 4. Bg2 Nf6 5. O-O Be7 6. c4 O-O 7. Nc3 Qe8 8. Rb1
a5 9. a3 a4 10. Ne1 Kh8 11. e3 Bd8 12. f4 exf4 13. gxf4 Ng4 14. Qe2 c6 15. h3
Nf6 16. Qc2 c5 17. Bf3 Ra7 18. Nb5 Ra6 19. Qg2 d5 20. Kh2 dxc4 21. dxc4 Ne4 22.
Nd3 Nd7 23. Bxe4 fxe4 24. Nf2 Qh5 25. Nxe4 Rg6 26. Qf3 Qh6 27. Rg1 Ne5 0-1

[Event "10.OIBM"]
[Site "Bad Wiessee"]
[Date "2006.11.05"]
[Round "2.39"]
[White "Kostic, Vladimir"]
[Black "Beckmann, Klaus"]
[Result "1-0"]
[WhiteElo "2413"]
[BlackElo "2138"]
[PlyCount "115"]
[EventDate "2006.??.??"]

1. Nf3 Nf6 2. c4 e6 3. g3 d5 4. Bg2 Be7 5. O-O O-O 6. b3 c5 7. Bb2 Nc6 8. e3 b6
9. Qe2 Bb7 10. d3 Rc8 11. Rd1 Rc7 12. Na3 a6 13. Nc2 Qa8 14. Nh4 Rd8 15. f4
Rcd7 16. Nf3 b5 17. cxb5 axb5 18. Ne5 Nxe5 19. fxe5 Ne8 20. d4 Nc7 21. h4 Bc6
22. a3 Qb7 23. dxc5 Bxc5 24. Nd4 Na6 25. Bf1 Rb8 26. Rdc1 Rc7 27. Nxc6 Rxc6 28.
b4 Be7 29. Rxc6 Qxc6 30. Rc1 Qd7 31. Qc2 Bd8 32. Qc6 Qxc6 33. Rxc6 Nc7 34. Bd4
Kf8 35. Bb6 Rb7 36. Bd3 Ke7 37. Bxh7 g6 38. h5 gxh5 39. Bd3 Kd7 40. Rd6+ Ke8
41. Bd4 Bg5 42. Kf2 h4 43. gxh4 Bxh4+ 44. Ke2 Bd8 45. Kd2 Bh4 46. Rc6 Kd7 47.
Rc1 Rb8 48. Rf1 Rf8 49. Bg6 Ke8 50. Bh5 Be7 51. Kc3 Rh8 52. Bxf7+ Kd7 53. Bg6
Rf8 54. Rh1 Kc6 55. Rh7 Bd8 56. Bf7 Bg5 57. Kb3 Bd8 58. Bc5 1-0

[Event "10.OIBM"]
[Site "Bad Wiessee"]
[Date "2006.11.05"]
[Round "2.42"]
[White "Kaplan, Sasha"]
[Black "Wunderer, Eckart"]
[Result "1-0"]
[WhiteElo "2402"]
[BlackElo "2138"]
[PlyCount "57"]
[EventDate "2006.??.??"]

1. e4 Nc6 2. Nf3 d6 3. d4 Nf6 4. Nc3 Bg4 5. Be3 e5 6. d5 Nb8 7. h3 Bh5 8. g4
Bg6 9. Bd3 Be7 10. Qe2 c6 11. dxc6 bxc6 12. O-O-O Qc7 13. Nh4 Nxe4 14. Bxe4
Bxh4 15. Nb5 cxb5 16. Bxa8 O-O 17. Bd5 Rc8 18. Rd2 Nd7 19. Kb1 Nb6 20. Bxb6
Qxb6 21. Be4 Bg5 22. Bxg6 Bxd2 23. Bf5 Qc6 24. Rd1 Bb4 25. Bxc8 Qxc8 26. Qxb5
Bc5 27. Qc4 a5 28. Rxd6 Qa8 29. Qd5 1-0

[Event "10.OIBM"]
[Site "Bad Wiessee"]
[Date "2006.11.05"]
[Round "2.45"]
[White "Niese, Holger"]
[Black "Buchal, Stephan"]
[Result "1/2-1/2"]
[WhiteElo "2136"]
[BlackElo "2397"]
[PlyCount "88"]
[EventDate "2006.??.??"]

1. e4 g6 2. d4 Bg7 3. c4 d6 4. Nc3 Nf6 5. Be2 O-O 6. Nf3 Na6 7. O-O e5 8. Bg5
h6 9. Bh4 g5 10. dxe5 Nh5 11. Bg3 Nxg3 12. hxg3 dxe5 13. Qxd8 Rxd8 14. Rfd1 Be6
15. Rxd8+ Rxd8 16. Rd1 Rxd1+ 17. Nxd1 Nb4 18. Nc3 c6 19. Ne1 a5 20. a3 Na6 21.
Na4 Bf8 22. Nc2 f6 23. g4 Kf7 24. f3 Nc7 25. Ne3 b5 26. cxb5 cxb5 27. Nc3 Bc5
28. Kf2 b4 29. axb4 axb4 30. Ncd1 Bb3 31. Ke1 Ne6 32. Bc4 Bxc4 33. Nxc4 Nf4 34.
Nde3 Bxe3 35. Nxe3 Nd3+ 36. Kd2 Nxb2 37. Kc2 Na4 38. Kb3 Nc5+ 39. Kxb4 Nd3+ 40.
Kc4 Nf4 41. Kc3 h5 42. gxh5 Nxh5 43. Kd2 Nf4 44. g3 Ne6 1/2-1/2

[Event "10.OIBM"]
[Site "Bad Wiessee"]
[Date "2006.11.05"]
[Round "2.47"]
[White "Mueller, Ralf"]
[Black "Bogdanov, Valentin"]
[Result "0-1"]
[WhiteElo "2134"]
[BlackElo "2395"]
[PlyCount "44"]
[EventDate "2006.??.??"]

1. e4 e6 2. d3 c5 3. Nf3 Nc6 4. g3 Nf6 5. Bg2 d5 6. e5 Nd7 7. Qe2 Be7 8. O-O g5
9. h3 h5 10. c3 g4 11. hxg4 hxg4 12. Nh2 Ndxe5 13. Nxg4 Nxg4 14. Qxg4 e5 15.
Qe2 Be6 16. Na3 Qd7 17. Bd2 O-O-O 18. Nc2 Rdg8 19. Be1 Bd6 20. Ne3 f5 21. f3
Qh7 22. Rf2 Rxg3 0-1

[Event "10.OIBM"]
[Site "Bad Wiessee"]
[Date "2006.11.05"]
[Round "2.50"]
[White "Pitl, Gregory"]
[Black "Astengo, Corrado"]
[Result "1-0"]
[WhiteElo "2380"]
[BlackElo "2128"]
[PlyCount "78"]
[EventDate "2006.??.??"]

1. e4 e6 2. d4 d5 3. e5 c5 4. c3 Qb6 5. Nf3 Bd7 6. Bd3 Bb5 7. dxc5 Bxc5 8. b4
Bxd3 9. Qxd3 Bf8 10. O-O Ne7 11. Na3 Nd7 12. Bf4 Nc6 13. Nb5 a6 14. Nbd4 Be7
15. a4 O-O 16. Rfe1 Rac8 17. Re3 Rfe8 18. Rae1 Nxd4 19. Nxd4 Rc4 20. a5 Qc7 21.
Rh3 Nf8 22. Bd2 Rc8 23. f4 g6 24. Kh1 b6 25. Nb3 b5 26. Nd4 Qa7 27. Rb1 f6 28.
f5 exf5 29. Nxf5 gxf5 30. Qxd5+ Kh8 31. Qf7 Rg4 32. exf6 Bc5 33. Qd5 Qd7 34.
Qxd7 Nxd7 35. bxc5 Nxf6 36. Be3 Ne4 37. Bd4+ Kg8 38. Rh5 Nxc5 39. Rxf5 Ne4 1-0

[Event "10.OIBM"]
[Site "Bad Wiessee"]
[Date "2006.11.06"]
[Round "3.9"]
[White "Wiley, Tom E"]
[Black "Halkias, Stelios"]
[Result "0-1"]
[WhiteElo "2335"]
[BlackElo "2571"]
[PlyCount "142"]
[EventDate "2006.??.??"]

1. Nf3 Nf6 2. c4 e6 3. d4 b6 4. g3 Ba6 5. Qb3 Nc6 6. Nbd2 Na5 7. Qc3 c5 8. dxc5
bxc5 9. e4 Bb7 10. e5 Ne4 11. Nxe4 Bxe4 12. Bg2 Nc6 13. O-O Bxf3 14. Qxf3 Rb8
15. Qc3 Nd4 16. Re1 Be7 17. Be3 Qb6 18. b3 d6 19. exd6 Bxd6 20. Bxd4 cxd4 21.
Qd3 O-O 22. f4 Rfd8 23. f5 exf5 24. Qxf5 d3+ 25. Kh1 g6 26. Qxd3 Be5 27. Bd5
Bxa1 28. Rxa1 Rb7 29. Rf1 Rbd7 30. Qc3 Rxd5 31. cxd5 Rxd5 32. Qf3 Rd7 33. Kg2
Qd6 34. Rf2 Kg7 35. Qe2 Qd5+ 36. Qf3 Qd4 37. Qe2 f6 38. Qe6 f5 39. Rf4 Qd2+ 40.
Rf2 Qd4 41. Rf4 Qd2+ 42. Rf2 Qd5+ 43. Qxd5 Rxd5 44. Re2 Kf6 45. h4 h6 46. Kf3
g5 47. hxg5+ hxg5 48. Re8 Rd3+ 49. Kf2 Rc3 50. Re2 Kg6 51. Re6+ Kh5 52. Re3 Rc1
53. Kf3 Rf1+ 54. Kg2 Ra1 55. Re2 Kg4 56. Rc2 Rd1 57. Rc4+ f4 58. gxf4 Rd2+ 59.
Kf1 gxf4 60. Ra4 Kf3 61. Ke1 Rd7 62. Ra6 Rg7 63. Kf1 Kg3 64. b4 Rh7 65. Rg6+
Kf3 66. Kg1 Re7 67. Ra6 Ke2 68. Rc6 Rg7+ 69. Kh2 Rd7 70. Rc2+ Rd2 71. Rxd2+
Kxd2 0-1

[Event "10.OIBM"]
[Site "Bad Wiessee"]
[Date "2006.11.06"]
[Round "3.12"]
[White "Burmakin, Vladimir"]
[Black "Reefschlaeger, Helmut Dr"]
[Result "1-0"]
[WhiteElo "2559"]
[BlackElo "2324"]
[PlyCount "71"]
[EventDate "2006.??.??"]

1. d4 d5 2. Nf3 c6 3. c4 e6 4. Nbd2 f5 5. g3 Nf6 6. Bg2 Bd6 7. O-O O-O 8. Ne1
b6 9. Nd3 Nbd7 10. b3 Qe7 11. Nf3 Bb7 12. Bf4 c5 13. cxd5 Nxd5 14. Bxd6 Qxd6
15. Rc1 Rac8 16. Qd2 Rfd8 17. Rfd1 h6 18. Qb2 Qe7 19. Qa3 a6 20. dxc5 Nxc5 21.
Nxc5 bxc5 22. Qa5 Nf6 23. Rxd8+ Qxd8 24. Qc3 Ne4 25. Qb2 Nf6 26. Ne1 Bxg2 27.
Nxg2 Nd5 28. Ne1 Nb6 29. Qe5 Qd5 30. Qe3 e5 31. Nd3 Nd7 32. Rd1 Re8 33. Nb2 Qf7
34. Nc4 Qe7 35. Qd3 Nf6 36. Qxf5 1-0

[Event "10.OIBM"]
[Site "Bad Wiessee"]
[Date "2006.11.06"]
[Round "3.14"]
[White "Al-Modiahki, Mohd"]
[Black "Scherer, Helmut"]
[Result "1-0"]
[WhiteElo "2550"]
[BlackElo "2296"]
[PlyCount "77"]
[EventDate "2006.??.??"]

1. e4 e5 2. Nf3 Nc6 3. Bb5 a6 4. Ba4 Nf6 5. d3 b5 6. Bb3 Be7 7. Nc3 Bb7 8. a4
Nd4 9. Nxd4 exd4 10. Ne2 c5 11. O-O O-O 12. e5 Nd5 13. Ng3 d6 14. axb5 axb5 15.
Rxa8 Bxa8 16. Qg4 g6 17. Bh6 Qc8 18. e6 f5 19. Qe2 Re8 20. Re1 Bf6 21. Nf1 Nc7
22. e7+ d5 23. Bf8 c4 24. Ba2 Kf7 25. Nd2 Qa6 26. Bb1 Ne6 27. Nf3 Nxf8 28.
exf8=Q+ Rxf8 29. Ne5+ Kg7 30. Nd7 Rd8 31. Nc5 Qd6 32. Ne6+ Kf7 33. Nxd8+ Qxd8
34. Qe6+ Kg7 35. Qe8 Qa5 36. Kf1 Kh6 37. Qf8+ Bg7 38. Qd6 Kg5 39. Qe7+ 1-0

[Event "10.OIBM"]
[Site "Bad Wiessee"]
[Date "2006.11.06"]
[Round "3.16"]
[White "Salvermoser, Bernd"]
[Black "Bobras, Piotr"]
[Result "0-1"]
[WhiteElo "2288"]
[BlackElo "2527"]
[PlyCount "95"]
[EventDate "2006.??.??"]

1. d4 d5 2. c4 c6 3. Nf3 Nf6 4. cxd5 cxd5 5. Nc3 Nc6 6. Bf4 Bf5 7. e3 e6 8. Bb5
Nd7 9. O-O Rc8 10. Qb3 Be7 11. Bxc6 bxc6 12. Qb7 g5 13. Be5 O-O 14. Bg3 h5 15.
h3 a5 16. Rfc1 g4 17. hxg4 hxg4 18. Nh2 f6 19. Na4 c5 20. Nc3 cxd4 {Diagramm #}
21. Nxd5 Rxc1+ 22. Rxc1 dxe3 23. Nxe3 Nc5 24. Qa7 Ne4 25. Rd1 Bc5 26. Qb7 Qb6
27. Qxb6 Bxb6 28. Nc4 Rd8 29. Rxd8+ Bxd8 30. Bb8 e5 31. Ne3 Be6 {Diagramm #}
32. b3 g3 33. fxg3 Bb6 34. Nhf1 Kf7 35. Kh2 Ke7 36. g4 Kd7 37. Nc4 Bxc4 38.
bxc4 Bf2 39. g3 Bc5 40. g5 Nxg5 41. Nd2 a4 42. Kg2 Kc8 43. Bxe5 fxe5 44. Nf3
Nxf3 45. Kxf3 Kd7 46. Ke4 Ke6 47. g4 Be7 48. Kd3 0-1

[Event "10.OIBM"]
[Site "Bad Wiessee"]
[Date "2006.11.06"]
[Round "3.17"]
[White "Kosic, Dragan"]
[Black "Zenker, Ulrich"]
[Result "1-0"]
[WhiteElo "2518"]
[BlackElo "2284"]
[PlyCount "79"]
[EventDate "2006.??.??"]

1. d4 Nf6 2. Nf3 e6 3. e3 c5 4. Bd3 b6 5. O-O Bb7 6. c4 Be7 7. Nc3 d5 8. cxd5
exd5 9. b3 O-O 10. Bb2 Nc6 11. dxc5 bxc5 12. Na4 Nb4 13. Be2 Ne4 14. a3 Na6 15.
Qc2 Bd6 16. Rfd1 Nc7 17. Rac1 Qe7 18. Nc3 f5 19. b4 cxb4 20. axb4 Rad8 21. b5
f4 22. exf4 Bxf4 23. Ra1 {Diagramm #} 23... Nxf2 24. Kxf2 Qe3+ 25. Ke1 Bxh2 26.
Rd3 Bg3+ 27. Kd1 Qf2 28. Qd2 Bf4 29. Qe1 Qxg2 30. Rxa7 d4 31. Rxb7 dxc3 32.
Qxc3 Rxd3+ 33. Qxd3 Ne6 34. Qd5 Rd8 35. Rd7 Rxd7 36. Qxd7 Nf8 37. Qd5+ Kh8 38.
Bc4 Qh1+ 39. Kc2 Qg2+ 40. Kb3 1-0